Introducction to Steroid Chemistrey

Bibliographic Details
Main Author: Hanson, J.R
Format: Section = Libro
Language:Undetermined
Spanish
Published: New York Pergamons Press 1968
Subjects:
LEADER 00534nam a2200193Ia 4500
008 240830s9999 xx 000 0 und d
040 |a CEDOC FIQ-RUSB / 547 H251 
041 |a spa 
082 |a 547 H251 
100 1 |a Hanson, J.R 
245 1 0 |a Introducction to Steroid Chemistrey 
260 |a New York  |b Pergamons Press  |c 1968 
300 |a 101 p. :il. 
650 7 |a QUÍMICA ORGÁNICA 
650 7 |b  INTRODUCCIÓN 
650 7 |c  EL ANÁLISIS CONFORMACIONAL DE LA REACCIÓN ESTEROIDE 
942 |c BK  |2 ddc 
991 |a TEXTO 
999 |c 13988